Derechos humanos y ambiente, denominadores comunes del derecho internacional contemporáneo (Registro nro. 21961)

Detalles MARC
000 -LEADER
fixed length control field 00392 a2200109 4500
001 - CONTROL NUMBER
control field ART_13040
005 - DATE AND TIME OF LATEST TRANSACTION
control field 20260410161817.0
008 - FIXED-LENGTH DATA ELEMENTS--GENERAL INFORMATION
fixed length control field 260409a
100 1# - MAIN ENTRY--PERSONAL NAME
Personal name Del Castillo, Lilian
245 10 - TITLE STATEMENT
Title Derechos humanos y ambiente, denominadores comunes del derecho internacional contemporáneo
773 0# - HOST ITEM ENTRY
Title Revista Juridica de Buenos Aires
Related parts Derechos humanos (ene. 2007)
Record control number REV4315

No hay ítems disponibles.